000 00360nam a22001457a 4500
008 221107b ||||| |||| 00| 0 eng d
020 _a9780890425541
041 _aeng
080 _2FIFTH EDITION
_a616.8
082 _a616.8 FAW
100 _a11.2
101 _aNEURO
245 _aDIAGNOSTIC AND STATISTICAL MANUAL OF MENTAL
_cFAWCETT J
942 _2udc
_cBK
999 _c58761
_d58761